[Event "22nd ch-EUR Indiv 2022"]
[Site "Terme Catez SLO"]
[Date "2022.03.29"]
[Round "3.100"]
[White "Papadiamandis, Elliot"]
[Black "Miftari, Hedon"]
[Result "1-0"]
[WhiteTitle "FM"]
[WhiteElo "2406"]
[BlackElo "1987"]
[WhiteFideId "36074160"]
[BlackFideId "15007065"]
[EventDate "2022.03.27"]

1. e4 c5 2. Nf3 Nc6 3. Nc3 Nf6 4. Bb5 Qc7 5. Bxc6 dxc6 6. e5 Nd5 7. h3 Bf5 8. d3
e6 9. Qe2 Nxc3 10. bxc3 Be7 11. O-O h6 12. Nd2 g5 13. Nc4 h5 14. Nd6+ Bxd6 15.
exd6 Qxd6 16. Bxg5 Kd7 17. Rab1 b6 18. h4 Rag8 19. Qe3 Rg6 20. Bf4 Qd5 21. Bg3
Rg4 22. a4 Rxa4 23. Ra1 Rxa1 24. Rxa1 a5 25. Be5 Rg8 26. f3 f6 27. Bxf6 Qd6 28.
Be5 Qe7 29. Qf4 Kc8 30. g3 Kb7 31. Kh2 Rd8 32. c4 Rd7 33. Rb1 Ka6 34. Qh6 Qe8
35. Qf6 Rf7 36. Qg5 Qe7 37. Qe3 Qd8 38. Bc3 Qd6 39. Rb2 Rh7 40. Be5 Qe7 41. Rb1
Qd8 42. Bc3 Qd6 43. Qg5 Ka7 44. Qg8 Qc7 45. Kg2 Qf7 46. Qg5 Qe7 47. Bf6 Qe8 48.
g4 Bg6 49. Bd8 Rb7 50. Bxb6+ Rxb6 51. Qxc5 Qd8 52. Qxa5+ Kb7 53. c5 1-0

[Event "22nd ch-EUR Indiv 2022"]
[Site "Terme Catez SLO"]
[Date "2022.03.29"]
[Round "3.101"]
[White "Buksa, Nataliya"]
[Black "Lauda, Alexandr"]
[Result "1-0"]
[WhiteTitle "IM"]
[WhiteElo "2401"]
[BlackElo "1789"]
[WhiteFideId "14123622"]
[BlackFideId "13903179"]
[EventDate "2022.03.27"]

1. e4 c5 2. Nf3 Nc6 3. Bb5 g5 4. Nxg5 Nf6 5. d3 Rg8 6. Bf4 e5 7. Be3 h6 8. Nf3
Qa5+ 9. Nc3 Nd4 10. Bc4 d5 11. exd5 Rxg2 12. h3 b5 13. Kf1 Rg6 14. Bxd4 bxc4 15.
Bxe5 cxd3 16. cxd3 Qd8 17. Qe2 Kd7 1-0

[Event "22nd ch-EUR Indiv 2022"]
[Site "Terme Catez SLO"]
[Date "2022.03.29"]
[Round "3.102"]
[White "Katkov, Michelle"]
[Black "Salimova, Nurgyul"]
[Result "1-0"]
[WhiteTitle "WFM"]
[BlackTitle "IM"]
[WhiteElo "2149"]
[BlackElo "2399"]
[WhiteFideId "2816393"]
[BlackFideId "2915138"]
[EventDate "2022.03.27"]

1. e4 e5 2. Nf3 Nc6 3. Bc4 Bc5 4. c3 Nf6 5. d3 d6 6. O-O h6 7. Re1 O-O 8. Nbd2
Bb6 9. Nf1 Ne7 10. Ng3 Ng6 11. h3 c6 12. Bb3 d5 13. exd5 Nxd5 14. d4 exd4 15.
Nxd4 Ndf4 16. Be3 Qf6 17. Nh5 Nxh5 18. Qxh5 Nf4 19. Bxf4 Qxf4 20. Re7 Bxd4 21.
cxd4 Be6 22. Bxe6 fxe6 23. Qe2 Rad8 24. Qxe6+ Kh8 25. Qe3 Rxd4 26. Rxb7 Rd2 27.
Rf1 a5 28. Qc3 Qd4 29. Qxd4 Rxd4 30. Rc1 Rd2 31. Rxc6 Rfxf2 32. Rg6 Rxb2 33.
Rbxg7 h5 34. a3 Rfc2 35. Ra7 Rc5 36. Rd6 Rb8 37. Rda6 Rb1+ 38. Kh2 Rcc1 39. Rxa5
h4 40. Rh5+ Kg8 41. Rxh4 Rh1+ 42. Kg3 Rb3+ 43. Kf4 Rf1+ 44. Ke4 Re1+ 45. Kd4
Rd1+ 46. Kc4 Rb8 47. Rg4+ Kh8 48. Re4 Rc1+ 49. Kd3 Rd8+ 50. Ke2 Rc2+ 51. Kf3
Rf8+ 52. Kg3 Rg8+ 53. Rg4 Rd8 54. Rh4+ Kg8 55. Kh2 Rdd2 56. Rg4+ Kh8 57. Ra5 1-0

[Event "22nd ch-EUR Indiv 2022"]
[Site "Terme Catez SLO"]
[Date "2022.03.29"]
[Round "3.103"]
[White "Greicius, Pijus"]
[Black "Pasti, Aron"]
[Result "1-0"]
[BlackTitle "FM"]
[WhiteElo "2100"]
[BlackElo "2398"]
[WhiteFideId "12819093"]
[BlackFideId "785857"]
[EventDate "2022.03.27"]

1. d4 Nf6 2. c4 e6 3. Nc3 d5 4. cxd5 exd5 5. Bg5 Be7 6. e3 O-O 7. Bd3 Re8 8. Qc2
h6 9. Bh4 c5 10. dxc5 d4 11. Rd1 Nfd7 12. Bxe7 Qxe7 13. Nd5 Qg5 14. Be4 d3 15.
Qa4 Qd8 16. Bxd3 Nxc5 17. Qa3 b6 18. Ne2 Bb7 19. Bc4 Nbd7 20. Nec3 Ne5 21. Be2
Qh4 22. O-O Red8 23. Rd4 Qg5 24. f4 Qh4 25. fxe5 1-0

[Event "22nd ch-EUR Indiv 2022"]
[Site "Terme Catez SLO"]
[Date "2022.03.29"]
[Round "3.104"]
[White "Easwaralingam, Adesh"]
[Black "Ceres, Dragos"]
[Result "1-0"]
[BlackTitle "FM"]
[WhiteElo "2069"]
[BlackElo "2385"]
[WhiteFideId "1448552"]
[BlackFideId "13905864"]
[EventDate "2022.03.27"]

1. e4 e5 2. Nf3 Nc6 3. Bb5 a6 4. Ba4 Nf6 5. O-O b5 6. Bb3 Bb7 7. d3 Be7 8. a4
O-O 9. Bg5 d6 10. Nc3 b4 11. Bxf6 Bxf6 12. Nd5 Rb8 13. c3 Na5 14. cxb4 Bxd5 15.
Bxd5 Rxb4 16. Qd2 Qb8 17. Rfc1 c6 18. Ba2 Qb6 19. Rc2 h6 20. Qc3 Rb8 21. Nd2 d5
22. b3 Bg5 23. Nf3 Bf6 24. Nd2 Bd8 25. Re1 f6 26. g3 Be7 27. Nf3 Bd6 28. Kg2 g6
29. d4 dxe4 30. Rxe4 f5 31. Rxe5 Bxe5 32. Nxe5 Qd8 33. Qc5 Kg7 34. Nxc6 Nxc6 35.
Qxc6 Rxd4 36. b4 Qd7 37. Qc5 Rd6 38. Qa5 Qd8 39. Rc7+ Kh8 40. Qc5 Ra8 41. Rf7
Rf6 42. Qe5 Qd6 43. Qxf6+ Qxf6 44. Rxf6 1-0

[Event "22nd ch-EUR Indiv 2022"]
[Site "Terme Catez SLO"]
[Date "2022.03.29"]
[Round "3.105"]
[White "Babrauskas, Darius"]
[Black "Juksta, Karolis"]
[Result "1/2-1/2"]
[BlackTitle "FM"]
[WhiteElo "2003"]
[BlackElo "2378"]
[WhiteFideId "12805602"]
[BlackFideId "12809039"]
[EventDate "2022.03.27"]

1. e4 e6 2. d4 d5 3. Nc3 Nf6 4. Bg5 dxe4 5. Nxe4 Be7 6. Bxf6 gxf6 7. Nf3 f5 8.
Ng3 c5 9. Bc4 cxd4 10. Nxd4 Nc6 11. Nxc6 Qxd1+ 12. Rxd1 bxc6 13. O-O Bb7 14. Ne2
Rd8 15. Nc3 Rg8 16. f3 Bc5+ 17. Kh1 Ke7 18. Na4 Bd6 19. a3 c5 20. Rd3 Bc6 21. b3
Bxa4 22. bxa4 Be5 23. Rb1 Kf6 24. a5 Rb8 25. Rbb3 Rxb3 26. cxb3 Bd4 27. b4 e5
28. b5 e4 29. fxe4 fxe4 30. Rb3 e3 31. b6 axb6 32. axb6 Re8 33. Be2 c4 34. Rb4
Rb8 35. b7 c3 36. g3 c2 37. Rc4 Rxb7 38. Rxc2 Rb1+ 39. Kg2 Ra1 40. Rc4 Ke5 41.
a4 Ke4 42. Rc7 Ra2 43. Kf1 f5 44. Rxh7 Be5 45. Rd7 f4 46. gxf4 Bxf4 47. a5 Rxa5
48. Bd3+ Ke5 49. Be2 Bxh2 50. Rh7 Ra1+ 51. Kg2 Bf4 52. Kf3 Bg5 53. Rb7 Ra8 54.
Rb5+ Kf6 55. Bd3 1/2-1/2

[Event "22nd ch-EUR Indiv 2022"]
[Site "Terme Catez SLO"]
[Date "2022.03.29"]
[Round "3.106"]
[White "Valiyev, Shahin"]
[Black "Tomazini, Zan"]
[Result "1-0"]
[BlackTitle "IM"]
[WhiteElo "1961"]
[BlackElo "2376"]
[WhiteFideId "13424203"]
[BlackFideId "14608162"]
[EventDate "2022.03.27"]

1. e4 c5 2. Nf3 d6 3. d4 cxd4 4. Nxd4 Nf6 5. Nc3 g6 6. Be3 a6 7. f3 h5 8. Qd2 b5
9. a4 b4 10. Na2 e5 11. Nb3 d5 12. exd5 Qxd5 13. Nxb4 Qxd2+ 14. Bxd2 Be6 15.
O-O-O Be7 16. Bc3 O-O 17. Bxe5 Rc8 18. Kb1 Nbd7 19. Bd6 Bxd6 20. Rxd6 Bxb3 21.
cxb3 a5 22. Nd5 Nxd5 23. Rxd5 Nc5 24. Ka2 Ra7 25. Rd6 Rd7 26. Rxd7 Nxd7 27. Bb5
Nb6 28. Rd1 Rc5 29. b4 axb4 30. Kb3 Nd5 31. Rd4 Ne3 32. g3 g5 33. Rxb4 Nf5 34.
Bd3 Nd6 35. Rb6 Rd5 36. Kc3 Kg7 37. b4 h4 38. a5 h3 39. a6 Nc8 40. Rb7 Re5 41.
a7 Nxa7 42. Rxa7 Re3 43. b5 Rxf3 44. b6 Rf6 45. Ra6 1-0

[Event "22nd ch-EUR Indiv 2022"]
[Site "Terme Catez SLO"]
[Date "2022.03.29"]
[Round "3.107"]
[White "Fishchuk, Vladyslav"]
[Black "Wachinger, Nikolas"]
[Result "1/2-1/2"]
[WhiteElo "1760"]
[BlackElo "2376"]
[WhiteFideId "34122117"]
[BlackFideId "12962791"]
[EventDate "2022.03.27"]

1. d4 Nf6 2. c4 e6 3. g3 d5 4. Nf3 dxc4 5. Bg2 c6 6. Ne5 Bb4+ 7. Nc3 Nd5 8. Bd2
b5 9. e4 Ne7 10. Qh5 O-O 11. Be3 f6 12. Nf3 Qe8 13. Qxe8 Rxe8 14. O-O Bb7 15. a4
a6 16. Ne1 Nd7 17. Nc2 Ba5 18. Rfd1 Kf7 19. d5 exd5 20. exd5 Ne5 21. axb5 axb5
22. dxc6 Bxc6 23. Bxc6 N7xc6 24. Nxb5 Red8 25. Ncd4 Nxd4 26. Nxd4 Bb4 27. h3
Rxa1 28. Rxa1 Rxd4 29. Bxd4 Nf3+ 30. Kg2 Nxd4 31. Rc1 c3 32. bxc3 Ne2 33. Rb1
Bxc3 34. Rb3 Bd4 35. Rd3 Bc5 36. Rd5 Be7 37. Rd3 Nc1 38. Rc3 Ne2 39. Rc4 Ba3 40.
Kf1 Nc1 41. Rc3 Bb2 42. Rc2 1/2-1/2

[Event "22nd ch-EUR Indiv 2022"]
[Site "Terme Catez SLO"]
[Date "2022.03.29"]
[Round "3.108"]
[White "Samadov, Read"]
[Black "Garsky, Vladyslav"]
[Result "1/2-1/2"]
[WhiteTitle "FM"]
[WhiteElo "2375"]
[BlackElo "1768"]
[WhiteFideId "13417444"]
[BlackFideId "34100270"]
[EventDate "2022.03.27"]

1. d4 d5 2. c4 dxc4 3. e3 Nf6 4. Bxc4 e6 5. Nf3 a6 6. O-O b5 7. Be2 Bb7 8. b3
Nbd7 9. Bb2 Be7 10. a4 b4 11. Nbd2 c5 12. Rc1 Rc8 13. Nc4 O-O 14. Nfe5 Qc7 15.
Bf3 Rfd8 16. Bxb7 Qxb7 17. Qf3 Qxf3 18. gxf3 cxd4 19. Bxd4 Nd5 20. Nxd7 Rxd7 21.
Ne5 Rdc7 22. Rxc7 Rxc7 23. Nc4 Nc3 24. Kg2 Bf6 25. Bxc3 bxc3 26. Rb1 Rb7 27. Kf1
g5 28. Ke2 c2 29. Rc1 Rxb3 30. Rxc2 Rb4 31. a5 Ra4 32. Rc1 Ra2+ 33. Kf1 Ra4 34.
Kg2 h6 35. Kg3 Kg7 36. f4 gxf4+ 37. Kxf4 Bd8 38. Kf3 Bxa5 39. Nxa5 Rxa5 40. Rc6
Ra2 41. Rc7 a5 42. Ra7 a4 43. h3 Kg6 44. Ra6 a3 45. e4 Ra1 46. Kf4 Kf6 47. Ra7
Rf1 48. Kg3 Rg1+ 49. Kf3 Ra1 50. Kf4 h5 51. Ra5 Rf1 52. Kf3 Rh1 53. Kg2 Re1 54.
Kf3 Rh1 55. Kg2 Re1 56. Kf3 Rh1 1/2-1/2

[Event "22nd ch-EUR Indiv 2022"]
[Site "Terme Catez SLO"]
[Date "2022.03.29"]
[Round "3.109"]
[White "Hasanzade, Toghrul"]
[Black "Blomqvist, Erik"]
[Result "0-1"]
[WhiteTitle "IM"]
[BlackTitle "GM"]
[WhiteElo "2297"]
[BlackElo "2542"]
[WhiteFideId "13407716"]
[BlackFideId "1709437"]
[EventDate "2022.03.27"]

1. e4 c5 2. Nf3 e6 3. d4 cxd4 4. Nxd4 a6 5. Nc3 b5 6. a3 Bb7 7. Bd3 Nc6 8. Nxc6
Bxc6 9. Qe2 Qb8 10. f4 Bc5 11. Bd2 Ne7 12. O-O-O b4 13. axb4 Qxb4 14. Kb1 Qb6
15. Rdf1 O-O 16. f5 Bd4 17. f6 Rfb8 18. b3 Ng6 19. fxg7 a5 20. Na2 Qc5 21. e5
Qxe5 22. Qg4 f5 23. Qh3 Qd5 24. Be2 Qxg2 25. Qh5 Be4 26. Nc1 a4 27. b4 Rc8 28.
Nd3 Bxd3 29. cxd3 a3 0-1

[Event "22nd ch-EUR Indiv 2022"]
[Site "Terme Catez SLO"]
[Date "2022.03.29"]
[Round "3.110"]
[White "Zelcic, Robert"]
[Black "Van Dael, Siem"]
[Result "0-1"]
[WhiteTitle "GM"]
[BlackTitle "FM"]
[WhiteElo "2513"]
[BlackElo "2307"]
[WhiteFideId "14500310"]
[BlackFideId "1049771"]
[EventDate "2022.03.27"]

1. e4 c5 2. Nf3 d6 3. d4 cxd4 4. Nxd4 Nf6 5. Nc3 a6 6. Be2 e6 7. O-O Be7 8. f4
O-O 9. Kh1 Qc7 10. a4 Nc6 11. Be3 Nxd4 12. Qxd4 Bd7 13. e5 Ne8 14. Bf3 Bc6 15.
Ne4 dxe5 16. fxe5 Rd8 17. Qc3 h6 18. a5 Rd5 19. Bf4 Rb5 20. b3 g5 21. Bg3 g4 22.
Nf6+ Bxf6 23. exf6 gxf3 24. Bxc7 fxg2+ 25. Kg1 gxf1=Q+ 26. Kxf1 Rf5+ 27. Ke2
Nxf6 28. Rg1+ Kh7 29. Be5 Bf3+ 30. Ke1 Rd8 31. Bd4 e5 32. Qd3 Ne4 33. Rg7+ Kxg7
34. Bxe5+ Rxe5 35. Qxd8 Nf6+ 36. Kf1 Rd5 0-1

[Event "22nd ch-EUR Indiv 2022"]
[Site "Terme Catez SLO"]
[Date "2022.03.29"]
[Round "3.111"]
[White "Godena, Michele"]
[Black "Stevanic, David"]
[Result "1-0"]
[WhiteTitle "GM"]
[BlackTitle "FM"]
[WhiteElo "2442"]
[BlackElo "2306"]
[WhiteFideId "800090"]
[BlackFideId "14613921"]
[EventDate "2022.03.27"]

1. e4 e5 2. Nf3 Nc6 3. Bc4 Nf6 4. d3 Be7 5. Nc3 O-O 6. a3 d6 7. h3 h6 8. O-O Re8
9. Re1 Bf8 10. b4 Ne7 11. Ne2 Ng6 12. Ng3 c6 13. Bb3 d5 14. Bb2 Qc7 15. Qd2 Be6
16. Nxe5 dxe4 17. Nxg6 fxg6 18. Bxe6+ Rxe6 19. Nxe4 Nxe4 20. Rxe4 Rxe4 21. dxe4
a5 22. Qd4 axb4 23. axb4 Rd8 24. Qc4+ Kh7 25. Bc3 Bd6 26. Re1 Bh2+ 27. Kh1 Be5
28. Kg1 Qd6 29. Bxe5 Qxe5 30. Qc5 Qxc5 31. bxc5 Rd4 32. e5 Kg8 33. e6 Kf8 34.
Rb1 Re4 35. Rxb7 Re1+ 36. Kh2 Rxe6 37. Rc7 g5 38. Kg3 Rf6 39. f3 Kg8 40. Kf2 Re6
41. Kg3 Rf6 42. h4 gxh4+ 43. Kxh4 Rg6 44. g4 Re6 45. f4 Re4 46. f5 Re2 47. Rxc6
Rh2+ 48. Kg3 Rxc2 49. Rc7 Rc4 50. c6 Kf8 51. Kh4 Rc3 52. Kh5 Rc4 53. g5 hxg5 54.
Kg6 Rc5 55. Rxg7 g4 56. Rc7 g3 57. Rc8+ Ke7 58. f6+ Ke6 59. Re8+ Kd5 60. Re3 g2
61. Rg3 Ke6 62. Rxg2 Rxc6 63. f7 1-0

[Event "22nd ch-EUR Indiv 2022"]
[Site "Terme Catez SLO"]
[Date "2022.03.29"]
[Round "3.112"]
[White "Damjanovic, Vuk"]
[Black "Zirkelbach, Maj"]
[Result "1/2-1/2"]
[WhiteTitle "FM"]
[BlackTitle "FM"]
[WhiteElo "2409"]
[BlackElo "2295"]
[WhiteFideId "980021"]
[BlackFideId "14613395"]
[EventDate "2022.03.27"]

1. b3 e5 2. Bb2 Nc6 3. e3 a6 4. c4 Nf6 5. Nc3 d6 6. Nf3 g6 7. d4 exd4 8. Nxd4
Ne5 9. Be2 Bg7 10. O-O O-O 11. Qd2 Bg4 12. f3 Bd7 13. Rad1 Re8 14. e4 Bc6 15.
Kh1 h5 16. Qe1 Qe7 17. b4 Rac8 18. Bc1 Bd7 19. Bg5 Qf8 20. Qg3 Nh7 21. Be3 Nc6
22. Nxc6 Bxc6 23. Nd5 Nf6 24. Nf4 Qe7 25. Bd3 b5 26. Bd4 Bd7 27. Rfe1 Qf8 28. c5
Be6 29. Nxe6 Rxe6 30. a4 Rb8 31. axb5 axb5 32. Bc2 Kh7 33. Bb3 Ree8 34. e5 dxe5
35. Bxe5 Ra8 36. Bxc7 Ra3 37. Bd6 Qg8 38. Bc2 Ra2 39. Bd3 Rxe1+ 40. Rxe1 Nd5 41.
Bxb5 Bc3 42. Rg1 Qa8 43. Bc4 Ra1 44. Qf2 Nxb4 45. h4 Nc6 46. Rxa1 Qxa1+ 47. Qf1
Qb2 48. Bxf7 Nd4 49. g4 hxg4 50. fxg4 Qb7+ 51. Kh2 Nf3+ 52. Kg3 Be1+ 53. Kh3
Qxf7 54. Qd3 Nxh4 55. Qe2 Qb3+ 56. Kh2 Nf3+ 57. Kg2 Nh4+ 58. Kf1 Bg3 59. Qe7+
Kg8 60. Qe8+ Kh7 61. Qd7+ Kg8 62. Qc8+ Kh7 63. Qc7+ Kg8 64. Qd8+ Kh7 65. Qe7+
Kg8 66. Qf8+ Kh7 67. Qe7+ Kg8 68. Qe8+ Kh7 69. Qe7+ Kg8 70. Qf8+ Kh7 71. Qe7+ 1/2-1/2

[Event "22nd ch-EUR Indiv 2022"]
[Site "Terme Catez SLO"]
[Date "2022.03.29"]
[Round "3.113"]
[White "Sarrau, Jelle"]
[Black "Gajcin, Marina"]
[Result "1/2-1/2"]
[WhiteTitle "FM"]
[BlackTitle "WIM"]
[WhiteElo "2401"]
[BlackElo "2254"]
[WhiteFideId "207608"]
[BlackFideId "949086"]
[EventDate "2022.03.27"]

1. c4 Nf6 2. Nf3 g6 3. Nc3 d5 4. cxd5 Nxd5 5. Qc2 Nc6 6. Qb3 e6 7. d4 Bg7 8. e3
O-O 9. Be2 b6 10. Nxd5 exd5 11. Bd2 a5 12. Rc1 Qd6 13. O-O Bd7 14. Bb5 Nb8 15.
Bxd7 Nxd7 16. Rfd1 Rfc8 17. Be1 Nf6 18. Qb5 c5 19. dxc5 bxc5 20. Bc3 Ne4 21.
Bxg7 Kxg7 22. Qd3 Rd8 23. Nd2 Nf6 24. Qc2 Rac8 25. h3 Qe5 26. Nf3 Qb8 27. Qc3 a4
28. Rc2 d4 29. exd4 cxd4 30. Qd3 Rxc2 31. Qxc2 d3 32. Qc3 Rc8 33. Qe5 Qxe5 34.
Nxe5 Rc2 35. Nxd3 a3 36. bxa3 Rxa2 37. a4 1/2-1/2

[Event "22nd ch-EUR Indiv 2022"]
[Site "Terme Catez SLO"]
[Date "2022.03.29"]
[Round "3.114"]
[White "Rozen, Eytan"]
[Black "Damia, Angelo"]
[Result "1-0"]
[WhiteTitle "IM"]
[BlackTitle "IM"]
[WhiteElo "2398"]
[BlackElo "2223"]
[WhiteFideId "2816750"]
[BlackFideId "812668"]
[EventDate "2022.03.27"]

1. e4 e5 2. Nf3 Nc6 3. Bc4 Nf6 4. Ng5 d5 5. exd5 Nd4 6. c3 b5 7. Bf1 Nxd5 8.
cxd4 Qxg5 9. Bxb5+ Kd8 10. O-O Bb7 11. Qf3 exd4 12. d3 Qe5 13. Na3 Bd6 14. Qh3
Bc8 15. Qh4+ Be7 16. Nc4 Qf6 17. Qe4 c6 18. Ne5 Bb7 19. Bg5 Qe6 20. Bxe7+ Nxe7
21. Bc4 Nd5 22. Qxd4 c5 23. Qh4+ Kc7 24. Qg3 Kb6 25. d4 Rac8 26. Rac1 a6 27.
dxc5+ Rxc5 28. Nd3 1-0

[Event "22nd ch-EUR Indiv 2022"]
[Site "Terme Catez SLO"]
[Date "2022.03.29"]
[Round "3.115"]
[White "Redzisz, Michal"]
[Black "Golubovic, Boris"]
[Result "1/2-1/2"]
[WhiteTitle "FM"]
[BlackTitle "IM"]
[WhiteElo "2223"]
[BlackElo "2393"]
[WhiteFideId "21816107"]
[BlackFideId "14502160"]
[EventDate "2022.03.27"]

1. d4 Nf6 2. c4 e6 3. Nc3 d5 4. cxd5 exd5 5. Bg5 Be7 6. e3 c6 7. Qc2 Nbd7 8. Bd3
O-O 9. Nge2 Re8 10. O-O Nf8 11. f3 Be6 12. Rad1 Rc8 13. Kh1 a6 14. Nf4 Bd7 15.
Bh4 Bd6 16. Nh5 Be7 17. Nf4 Bd6 18. Nh5 Be7 1/2-1/2

[Event "22nd ch-EUR Indiv 2022"]
[Site "Terme Catez SLO"]
[Date "2022.03.29"]
[Round "3.116"]
[White "Bukal, Vladimir Jr."]
[Black "Ciolek, Andreas"]
[Result "1/2-1/2"]
[WhiteTitle "IM"]
[BlackTitle "FM"]
[WhiteElo "2391"]
[BlackElo "2191"]
[WhiteFideId "14502941"]
[BlackFideId "12906727"]
[EventDate "2022.03.27"]

1. d4 Nf6 2. Bf4 g6 3. Nc3 d5 4. e3 Bg7 5. h4 h5 6. Nf3 O-O 7. Qd2 c5 8. Ne5
cxd4 9. exd4 Nc6 10. O-O-O Bf5 11. f3 Qa5 12. g4 hxg4 13. h5 Rfc8 14. h6 Nb4 15.
Bc4 Rxc4 16. Nxc4 Nxa2+ 17. Kb1 Nxc3+ 18. bxc3 dxc4 19. hxg7 Nd5 20. Be5 f6 21.
Kb2 Qb5+ 22. Kc1 Qa5 23. Kb2 Qb5+ 24. Kc1 Qa5 1/2-1/2

[Event "22nd ch-EUR Indiv 2022"]
[Site "Terme Catez SLO"]
[Date "2022.03.29"]
[Round "3.117"]
[White "Krzywda, Andrzej"]
[Black "Lutsko, Artem"]
[Result "0-1"]
[WhiteTitle "CM"]
[WhiteElo "2152"]
[BlackElo "2390"]
[WhiteFideId "1114565"]
[BlackFideId "14188767"]
[EventDate "2022.03.27"]

1. d4 Nf6 2. Nf3 d5 3. g3 c5 4. Bg2 cxd4 5. O-O h6 6. b3 h5 7. Bf4 h4 8. gxh4
Nc6 9. Nxd4 Bh3 10. Bxh3 Rxh4 11. Bg2 Rxf4 12. Nxc6 bxc6 13. c4 Qd6 14. Nd2 g5
15. cxd5 cxd5 16. Rc1 Rh4 17. Nf3 Rh6 18. Qd4 Bg7 19. Qa4+ Nd7 20. Rc2 Kd8 21.
Rfc1 Nb6 22. Qb5 g4 23. Rc6 Qd7 24. Ne1 Be5 25. Nd3 Bxh2+ 26. Kf1 Rxc6 27. Rxc6
Rc8 28. Nb4 e6 29. a4 Bd6 30. Rxc8+ Kxc8 31. Nc6 Kb7 32. Na5+ Kc7 33. Qa6 Kb8
34. e4 Bb4 35. exd5 exd5 36. Kg1 Qc7 37. Bxd5 Nxd5 38. Nc6+ Ka8 39. Qb5 Qd6 40.
Qa6 Qd7 41. Qb5 Bd6 42. Qc4 Qe6 43. Kf1 Nf4 44. Qa6 Bc5 45. Qb5 Qd6 46. Ke1 Nd3+
47. Kf1 Nxf2 48. Nd4 Bxd4 49. Qe8+ Kb7 50. Qxf7+ Kb6 51. a5+ Kxa5 52. b4+ Kb6 0-1

[Event "22nd ch-EUR Indiv 2022"]
[Site "Terme Catez SLO"]
[Date "2022.03.29"]
[Round "3.118"]
[White "Barp, Alberto"]
[Black "Gombocz, Ferenc Jr."]
[Result "0-1"]
[WhiteTitle "IM"]
[BlackTitle "FM"]
[WhiteElo "2388"]
[BlackElo "2188"]
[WhiteFideId "872555"]
[BlackFideId "775029"]
[EventDate "2022.03.27"]

1. d4 d5 2. c4 c6 3. Nf3 Nf6 4. Nc3 a6 5. g3 b5 6. b3 Bf5 7. Bg2 e6 8. O-O h6 9.
Ne5 Bd6 10. Bb2 O-O 11. Rc1 Qe7 12. c5 Bc7 13. Qd2 Rd8 14. Rfd1 Bh7 15. Qe1 a5
16. Nd3 Nbd7 17. f4 b4 18. Na4 Ne4 19. e3 Rab8 20. Qe2 f5 21. Ne1 Ra8 22. Rc2
Rdb8 23. Rdc1 Qe8 24. Nd3 g5 25. Ne5 Nxe5 26. dxe5 Bg6 27. Bd4 Bh5 28. Qe1 Ra7
29. Nb6 Bd8 30. a3 bxa3 31. Ra1 Nxc5 32. Na4 Nxa4 33. Bxa7 Rxb3 34. Qc1 Qd7 35.
Bd4 c5 36. Bxc5 Nxc5 37. Rxc5 d4 38. Qc4 Rxe3 39. Bc6 Qe7 40. Rb5 Be2 41. Qxd4
Bxb5 42. Bxb5 Rb3 43. Qc4 Qa7+ 44. Kh1 Qb7+ 45. Bc6 Rb1+ 46. Rxb1 Qxb1+ 47. Kg2
Kf7 48. Bd5 Qb2+ 49. Kh1 exd5 50. Qxd5+ Ke8 51. Qc6+ Kf8 52. Qxh6+ Kf7 53. Qh7+
Ke6 54. Qg8+ Kd7 55. Qd5+ Kc8 56. Qa8+ Qb8 57. Qc6+ Bc7 58. Qe6+ Kb7 59. Qb3+
Ka7 60. Qxa3 Qb7+ 61. Kg1 Bb6+ 62. Kf1 Qh1+ 63. Ke2 Qxh2+ 64. Kd1 gxf4 65. gxf4
Qxf4 66. Qe7+ Ka6 67. e6 Qd4+ 68. Ke2 f4 69. Qf7 Qe3+ 70. Kd1 Qb3+ 71. Kd2 f3
72. Qf5 Be3+ 0-1

[Event "22nd ch-EUR Indiv 2022"]
[Site "Terme Catez SLO"]
[Date "2022.03.29"]
[Round "3.119"]
[White "Ohanyan, Emin"]
[Black "Kanyamarala, Trisha"]
[Result "1/2-1/2"]
[WhiteTitle "IM"]
[BlackTitle "WIM"]
[WhiteElo "2379"]
[BlackElo "2180"]
[WhiteFideId "13312022"]
[BlackFideId "45004722"]
[EventDate "2022.03.27"]

1. e4 c5 2. Nf3 d6 3. d4 cxd4 4. Nxd4 Nf6 5. Nc3 Nc6 6. Bg5 e6 7. Qd3 Bd7 8.
Ndb5 Nb4 9. Qd1 a6 10. a3 Nxc2+ 11. Qxc2 axb5 12. Nxb5 Rc8 13. Qd3 Rc5 14. Bxf6
Qxf6 15. Nc3 Qg6 16. g3 Be7 17. Bg2 O-O 18. O-O h5 19. b4 Rcc8 20. Rfd1 Bf6 21.
Rac1 Rfd8 22. Qe3 Be8 23. Ne2 Bc6 24. Rd2 h4 25. Qd3 Qh5 26. Rdc2 Ra8 27. Qe3
Ra4 28. Qb3 Rda8 29. Ra2 R4a7 30. Bf3 Qg6 31. Nf4 Qg5 32. Rb1 Bb5 33. Be2 Bc6
34. Qd3 Qe5 35. f3 Qd4+ 36. Qxd4 Bxd4+ 37. Kf1 Rxa3 38. Rxa3 Rxa3 39. b5 Bd7 40.
Rc1 Bc5 41. e5 Kf8 42. Nd3 Bxb5 43. Nxc5 Bxe2+ 44. Kxe2 dxc5 45. Rxc5 Kg8 46.
gxh4 Rb3 47. Rc8+ Kh7 48. Rf8 Kg6 49. h5+ Kf5 50. Rxf7+ Kxe5 51. Kf2 Rb2+ 52.
Kg3 Rb1 53. Kg2 Rb5 54. Rxg7 Kf6 55. h6 Rh5 56. Rxb7 Rxh6 57. Rb4 Kf5 58. Kg3
Rh8 59. h4 Ra8 60. Rf4+ Kg6 61. Rg4+ Kf6 62. Rf4+ Kg6 63. Kg4 Ra1 64. h5+ Kg7
65. Kg5 Ra5+ 66. Kh4 Ra1 67. Rg4+ Kf6 68. Rf4+ Kg7 69. Kg5 Ra5+ 70. Kg4 Ra1 71.
Rb4 Kf6 72. Rf4+ Kg7 73. Kh4 Rb1 74. Rg4+ Kf6 75. Rf4+ Kg7 76. Rg4+ Kf6 77. Rg3
Ra1 78. Rh3 Rg1 79. Rh2 Kf5 80. Rh3 Kf6 81. Rh2 Kf5 82. h6 Kg6 83. Re2 Kf6 84.
Rh2 Kg6 85. Re2 Kf6 86. Kh3 Rg6 1/2-1/2

[Event "22nd ch-EUR Indiv 2022"]
[Site "Terme Catez SLO"]
[Date "2022.03.29"]
[Round "3.120"]
[White "Roseneck, Jonas"]
[Black "Wecker, Martin"]
[Result "1-0"]
[WhiteTitle "FM"]
[WhiteElo "2376"]
[BlackElo "2180"]
[WhiteFideId "12939870"]
[BlackFideId "12931462"]
[EventDate "2022.03.27"]

1. c4 e5 2. Nc3 Nf6 3. Nf3 Nc6 4. e3 Bb4 5. Qc2 Bxc3 6. Qxc3 Qe7 7. d4 Ne4 8.
Qd3 exd4 9. Nxd4 Nxd4 10. Qxd4 Qb4+ 11. Ke2 Nf6 12. f3 O-O 13. Kf2 d5 14. Bd2
Qd6 15. c5 Qe7 16. Bd3 c6 17. Bc3 Ne8 18. Rhe1 f5 19. b4 Qf6 20. a4 Bd7 21. b5
Qxd4 22. exd4 Nc7 23. bxc6 bxc6 24. Re7 Rf7 25. Rae1 Re8 26. Rxe8+ Nxe8 27. Rb1
g6 28. Bd2 Kg7 29. Bf4 Nf6 30. Be5 g5 31. a5 h5 32. Rb7 Bc8 33. Rb8 Be6 34. Rd8
Bd7 35. a6 Kg6 36. Ra8 Ne4+ 37. Ke3 Nc3 38. Rxa7 Nb5 39. Rb7 Bc8 40. Rb6 Na7 41.
Bb8 Re7+ 42. Kd2 1-0

[Event "22nd ch-EUR Indiv 2022"]
[Site "Terme Catez SLO"]
[Date "2022.03.29"]
[Round "3.121"]
[White "Risteski, Emil"]
[Black "Pozun, Matej"]
[Result "1-0"]
[WhiteTitle "FM"]
[WhiteElo "2374"]
[BlackElo "2168"]
[WhiteFideId "15005267"]
[BlackFideId "14618788"]
[EventDate "2022.03.27"]

1. e4 c5 2. Nf3 Nc6 3. Bb5 g6 4. Bxc6 dxc6 5. d3 Qc7 6. h3 e5 7. O-O Nf6 8. Be3
Nh5 9. Qd2 f6 10. a3 a5 11. Nc3 b5 12. a4 b4 13. Ne2 Be7 14. c3 f5 15. cxb4 cxb4
16. Nxe5 O-O 17. f4 fxe4 18. Rfc1 Bd6 19. Rxc6 Qe7 20. Nc4 Ra6 21. Rxd6 Rxd6 22.
Bc5 exd3 23. Bxd6 Qa7+ 24. Kh2 dxe2 25. Bxf8 Qf2 26. Bh6 Bb7 27. Qd8+ Kf7 28.
Ne5+ 1-0